| 000 | 00724nac a22001811u 4500 | ||
|---|---|---|---|
| 020 | _a0419190503 | ||
| 082 |
_a620.1126 _bFRA |
||
| 090 |
_c9288 _d9288 |
||
| 100 | _a20080729 | ||
| 111 |
_aSymposium on fracture of brittle, disordered materials _cThe university of Queensland, Brisbane, Australia _d20-24 September 1993 |
||
| 245 |
_aFracture of brittle, disordered materials : _bconcrete, rock and ceramics/ _cedited by G. Baker and B. L. Karihaloo |
||
| 260 |
_aLondon : _b E & FN Spon, 1995. _c1995 |
||
| 300 |
_a580p.: _bill.; _c23 cm. |
||
| 500 | _adistributer: Al-Ahram | ||
| 511 | _acatalogued by: wessam | ||
| 650 | _afracture mechanics | ||
| 942 |
_cBB _k620.1126FRA |
||
| 999 |
_c9288 _d9288 |
||